00254nam a2200085Ia 4500008004100000041000800041100002000049245006400069260003500133241105s9999 xx 000 0 und d aeng aNandgude Sayali aFive Star Hotel At Hinjewadi : Living In Area Glorious Past bFinal Year B. Arch, BNCAc2014